Catalog

Record Details

Catalog Search



Available copies

  • 2 of 2 copies available at LARL/NWRL Consortium.
  • 2 of 2 copies available at Lake Agassiz Regional Library. (Show preferred library)

Current holds

0 current holds with 2 total copies.

Show Only Available Copies
Location Call Number / Copy Notes Barcode Shelving Location Status Due Date
Crookston Public Library BRA (Text) 33500014036909 Main Available -
Detroit Lakes Public Library BRA (Text) 33500014036917 Main Available -

Record details

  • ISBN: 9781250284020
  • ISBN: 1250284023
  • Physical Description: 354 pages : map ; 25 cm.
  • Edition: First edition.
  • Publisher: New York : St. Martin's Press, 2024.

Content descriptions

Summary, etc.:
"England, 1881. Hereford cathedral stands sentinel ... Read More
Subject: Librarians > Fiction.
Libraries > Fiction.
Ghosts > Fiction.
Haunted places > Fiction.
Mediums > Fiction.
Genre: Paranormal fiction.
Historical fiction.
Paranormal fiction.
Historical fiction.
Fantasy fiction.
Novels.
LDR 02862cam a22005658i 4500
001439273
003LARL_NWRL_CONSORTIUM
00520240806214213.0
008240328s2024 nyub e 000 1 eng
010 . ‡a 2024013707
040 . ‡aDLC ‡beng ‡erda ‡cDLC ‡dOCLCO ‡dBRL ‡dOCLCO ‡dUAP ‡dRNL ‡dOCLCO ‡dYU6 ‡dAUNTL
020 . ‡a9781250284020 ‡q(hardcover)
020 . ‡a1250284023 ‡q(hardcover)
020 . ‡z9781250284037 ‡q(ebook)
035 . ‡a(OCoLC)1393203818
042 . ‡apcc
08200. ‡a823/.92 ‡223/eng/20240328
1001 . ‡aBrackston, Paula, ‡eauthor. ‡1https://id.oclc.org/worldcat/entity/E39PCjtrYjQmRrtxtr4gwbqjVK ‡0(LARL_NWRL_CONSORTIUM)221067
24514. ‡aThe haunting of Hecate Cavendish / ‡cPaula Brackston.
250 . ‡aFirst edition.
264 1. ‡aNew York : ‡bSt. Martin's Press, ‡c2024.
300 . ‡a354 pages : ‡bmap ; ‡c25 cm.
336 . ‡atext ‡btxt ‡2rdacontent
337 . ‡aunmediated ‡bn ‡2rdamedia
338 . ‡avolume ‡bnc ‡2rdacarrier
4900 . ‡aHecate Cavendish ; ‡v1
520 . ‡a"England, 1881. Hereford cathedral stands sentinel over the city, keeping its secrets, holding long forgotten souls in its stony embrace. Hecate Cavendish speeds through the cobbled streets on her bicycle, skirts hitched daringly high, heading for her new life as Assistant Librarian. But this is no ordinary collection of books. The cathedral houses an ancient chained library, wisdom guarded for centuries, mysteries and stories locked onto its worn, humble shelves. The most prized artifact, however, is the medieval world map which hangs next to Hecate's desk. Little does she know how much the curious people and mythical creatures depicted on it will come to mean to her. Nor does she suspect that there are lost souls waiting for her in the haunted cathedral. Some will become her dearest friends. Some will seek her help in finding peace. Others will put her in great peril, and, as she quickly learns, threaten the lives of everyone she loves"-- ‡cProvided by publisher.
650 0. ‡aLibrarians ‡vFiction. ‡0(LARL_NWRL_CONSORTIUM)172743
650 0. ‡aLibraries ‡vFiction. ‡0(LARL_NWRL_CONSORTIUM)172744
650 0. ‡aGhosts ‡vFiction. ‡0(LARL_NWRL_CONSORTIUM)176019
650 0. ‡aHaunted places ‡vFiction.
650 0. ‡aMediums ‡vFiction. ‡0(LARL_NWRL_CONSORTIUM)173288
655 0. ‡aParanormal fiction.
655 0. ‡aHistorical fiction.
655 7. ‡aParanormal fiction. ‡2lcgft
655 7. ‡aHistorical fiction. ‡2lcgft
655 7. ‡aFantasy fiction. ‡2lcgft
655 7. ‡aNovels. ‡2lcgft
901 . ‡a439273 ‡bOCoLC ‡c439273 ‡tbiblio ‡soclc

Additional Resources